Re-addressing Resilience in Communities Facing the Covid19 Pandemic: An Overview on Coworking Spaces in Central European Peripheries

Identifikácia toho, akým výzvam čelili coworkingové priestory zo stredoeurópskych krajín počas pandémie Covid-19.

Enregistré dans:
Détails bibliographiques
Auteur principal: Danko, Lukáš
Autres auteurs: Feiten, Haubrich Gislene, Belvončíková, Eva, 1975-
Format: Chapitre de livre
Langue:anglais
Sujets:
Tags: Ajouter un tag
Pas de tags, Soyez le premier à ajouter un tag!

MARC

LEADER 00000naa a2200000 4500
001 0291185
005 20251211085156.6
041 0 |a eng 
044 |a FR 
245 1 0 |a Re-addressing Resilience in Communities Facing the Covid19 Pandemic: An Overview on Coworking Spaces in Central European Peripheries  |c Lukáš Danko 
520 |a Identifikácia toho, akým výzvam čelili coworkingové priestory zo stredoeurópskych krajín počas pandémie Covid-19. 
610 2 0 |a pandémia 
610 2 0 |a komunity 
610 2 0 |a inovácie sociálne 
610 2 0 |a analýza kvalitatívna 
610 2 0 |a coworking 
100 1 |a Danko, Lukáš 
700 1 |a Feiten, Haubrich Gislene 
700 1 |a Belvončíková, Eva, 1975-